Williams Textbook of Endocrinology (Record no. 9528)

MARC details
000 -LEADER
fixed length control field 00540nam a22002057a 4500
003 - CONTROL NUMBER IDENTIFIER
control field OSt
005 - DATE AND TIME OF LATEST TRANSACTION
control field 20251003171139.0
008 - FIXED-LENGTH DATA ELEMENTS--GENERAL INFORMATION
fixed length control field 251003b |||||||| |||| 00| 0 eng d
020 ## - INTERNATIONAL STANDARD BOOK NUMBER
International Standard Book Number 9780323555968
040 ## - CATALOGING SOURCE
Transcribing agency NML
082 ## - DEWEY DECIMAL CLASSIFICATION NUMBER
Classification number WK100 W 67m 2020
100 ## - MAIN ENTRY--PERSONAL NAME
Personal name Melmed, Shlomo [et...al]
9 (RLIN) 12527
245 ## - TITLE STATEMENT
Title Williams Textbook of Endocrinology
250 ## - EDITION STATEMENT
Edition statement 14th ed.
260 ## - PUBLICATION, DISTRIBUTION, ETC. (IMPRINT)
Place of publication, distribution, etc. Philadelphia;
Name of publisher, distributor, etc. Elsevier,
Date of publication, distribution, etc. 2020
300 ## - PHYSICAL DESCRIPTION
Extent xi,478p; col.ill: 26cm
504 ## - BIBLIOGRAPHY, ETC. NOTE
Bibliography, etc References included
650 ## - SUBJECT ADDED ENTRY--TOPICAL TERM
Source of heading or term Endocrinology
942 ## - ADDED ENTRY ELEMENTS (KOHA)
Source of classification or shelving scheme Other/Generic Classification Scheme
Koha item type Open Shelf
Holdings
Withdrawn status Lost status Source of classification or shelving scheme Damaged status Not for loan Home library Current library Date acquired Source of acquisition Inventory number Total Checkouts Full call number Barcode Date last seen Koha item type
    Other/Generic Classification Scheme     MUST Main Library MUST Main Library 03/10/2025 purchase 25/42437   WK100 W67m 2020 2025-0052 03/10/2025 Open Shelf
    Other/Generic Classification Scheme     MUST Main Library MUST Main Library 03/10/2025 purchase 25/42438   WK100 W67m 2020 2025-0053 03/10/2025 Open Shelf